Obálka Náhled e-knihy:
PDF Epub
Pro půjčování e-knih musíte být přihlášeni.
Jak si půjčit online?

Kleopatra /

POZNÁTE MOJE MENO, NO NEPOZNÁTE MŇA. Historici ma nazývajú zvodkyňou, no mňa vždy spútavala láska. Dramatici ma majú za bosorku, no moje nadanie pochádzalo od bohov. Poeti básnia o mojej krvilačnosti, no ja som len chránila svoje deti. Tvrdohlavo odmietajú pripustiť, že žena môže mať moc, rozumieť s...

Celý popis

Uloženo v:
Hlavní autor: El-Arifi, Saara (Autor)
Médium: E-kniha
Jazyk:Czech
Vydáno: Praha : Albatros Media Slovakia s.r.o., 2026
Tagy:
Žádné tagy
LEADER 01445nam a22002297i 4500
001 302758
007 ta
008 260514s2026 xr ||||| |||| 00| 0 cze d
020 |a 9788056652190 
044 |a xr 
100 1 |a  El-Arifi, Saara  |4 aut 
245 1 0 |a Kleopatra /  |c  El-Arifi, Saara 
240 1 0 |a Cleopatra 
264 1 |a Praha :  |b Albatros Media Slovakia s.r.o.,  |c 2026 
300 |a 1 online zdroj (328 stran) 
336 |a text  |b txt  |2 rdacontent 
337 |a bez média  |b n  |2 rdamedia 
338 |a online zdroj  |b cr  |2 rdacarrier 
520 2 |a POZNÁTE MOJE MENO, NO NEPOZNÁTE MŇA. Historici ma nazývajú zvodkyňou, no mňa vždy spútavala láska. Dramatici ma majú za bosorku, no moje nadanie pochádzalo od bohov. Poeti básnia o mojej krvilačnosti, no ja som len chránila svoje deti. Tvrdohlavo odmietajú pripustiť, že žena môže mať moc, rozumieť stratégii a vládnuť s požehnaním bohov. Smrť ma viac neumlčí. TOTO NIE JE PRÍBEH O TOM, AKO SOM UMRELA. JE TO PRÍBEH O TOM, AKO SOM ŽILA. 
910 |a RBIT002 
998 |d 427016  |a https://core.palmknihy.cz/api/books/427016/cover?tesgip  |b https://core.palmknihy.cz/api/books/427016/cover/400?tesgip  |c https://core.palmknihy.cz/api/books/427016/cover/50?tesgip  |e 2029-11-29  |g 328  |i 9788056652190  |j https://core.palmknihy.cz/api/books/427016/preview.epub  |k https://core.palmknihy.cz/api/books/427016/preview.pdf  |l   |q 49  |r 1  |s https://www.palmknihy.cz/kniha/427016  |t ebook  |y 2026  |z 1 
999 |d 302756